Statistics for Every Mens 100 Meters Olympic Final Countries

Click here to take the quiz!

General Stats

  • This quiz has been taken 73 times
  • The average score is 12 of 19

Answer Stats

GoldSilverBronzeTotalAnswer% Correct
1614939USA
100%
3418Jamaica
99%
2046Canada
95%
1001Germany(Unified Team)
88%
0123Germany
82%
0022Australia
75%
1012Soviet Union
74%
1214Trinidad And Tobago
74%
3238Great Britain
68%
1001South Africa
67%
0202Cuba
66%
0011Netherlands
59%
0011Barbados
49%
0011New Zealand
44%
0011Hungary
33%
0202Namibia
33%
0101Portugal
30%
0011Panama
26%
0011Bulgaria
19%

Score Distribution

Percentile by Number Answered

Percent of People with Each Score

Your Score History

You have not taken this quiz